| 000 | 01369 a2200277 4500 | ||
|---|---|---|---|
| 003 | Nust | ||
| 005 | 20221122093223.0 | ||
| 010 | _a 2006035517 | ||
| 020 | _a0073126349 (alk. paper) | ||
| 020 | _a9780073126340 (alk. paper) | ||
| 035 | _a(OCoLC)74649075 | ||
| 035 | _a(OCoLC)ocm74649075 | ||
| 040 | _cNust | ||
| 082 | 0 | 0 | _a621.381,TOK |
| 100 | 1 | _aTokheim, Roger L. | |
| 245 | 1 | 0 |
_aDigital electronics : (Include CD) _bprinciples & applications / _cRoger L. Tokheim. |
| 250 | _a6th ed. | ||
| 260 |
_aBoston : _bMcGraw-Hill Higher Education, _cc2008. |
||
| 300 |
_axi, 534 p. : _bill. (some col.) ; _c29 cm + _e1 CD-ROM (4 3/4 in.). |
||
| 440 | 0 |
_aBasic skills in electricity & electronics series _9103316 |
|
| 505 | _aAnalog Devices Digital Electronics (Page-1), Number We use in Digital Electronic (Page-25), Logic Gates (Page-39), Combining Logic Gates(Page-77), IC Specifications and Simple Interfacing (Page-125), Encoding , Decoding and Seven – Segment Displays (Page-177), Flip-Flops (Page-215), Counters (Page-237), Shift Registers (Page-279), Arithmetic Circuits (Page-303), Memories (Page-333), Digital Systems (Page-373), Connecting With (Page-459). | ||
| 650 | 0 | _aTelecommunication Engineering | |
| 651 |
_a(Include CD) _98953 |
||
| 856 | 4 | 1 |
_3Table of contents only _uhttp://www.loc.gov/catdir/toc/ecip073/2006035517.html |
| 942 |
_2ddc _cBK |
||
| 999 |
_c181610 _d181610 |
||